An introduction to ethics. (Record no. 125756)
[ view plain ]
| 000 -LEADER | |
|---|---|
| fixed length control field | 00532cam a2200205 a 4500 |
| 001 - CONTROL NUMBER | |
| control field | 651203 |
| 003 - CONTROL NUMBER IDENTIFIER | |
| control field | BD-DhUL |
| 005 - DATE AND TIME OF LATEST TRANSACTION | |
| control field | 20161120090907.0 |
| 008 - FIXED-LENGTH DATA ELEMENTS--GENERAL INFORMATION | |
| fixed length control field | 851211s1966 enk 000 0 eng d |
| 040 ## - CATALOGING SOURCE | |
| Original cataloging agency | BD-DhUL |
| Transcribing agency | BD-DhUL |
| 082 ## - DEWEY DECIMAL CLASSIFICATION NUMBER | |
| Classification number | 170 |
| Item number | MAI |
| 100 1# - MAIN ENTRY--PERSONAL NAME | |
| Personal name | Mabbott, John David. |
| 245 13 - TITLE STATEMENT | |
| Title | An introduction to ethics. |
| 260 ## - PUBLICATION, DISTRIBUTION, ETC. (IMPRINT) | |
| Place of publication, distribution, etc. | London : |
| Name of publisher, distributor, etc. | Hutchinson, |
| Date of publication, distribution, etc. | [1966]. |
| 300 ## - PHYSICAL DESCRIPTION | |
| Extent | 159 p. |
| 490 0# - SERIES STATEMENT | |
| Series statement | Hutchinson's university library: Philosophy |
| 500 ## - GENERAL NOTE | |
| General note | Errata slip inserted. |
| 650 #0 - SUBJECT ADDED ENTRY--TOPICAL TERM | |
| Topical term or geographic name as entry element | Ethics. |
| 942 ## - ADDED ENTRY ELEMENTS (KOHA) | |
| Source of classification or shelving scheme | |
| Koha item type | Books |
| Price effective from | Date last seen | Permanent Location | Not for loan | Date acquired | Source of classification or shelving scheme | Koha item type | Lost status | Withdrawn status | Copy number | Source of acquisition | Collection code | Damaged status | Shelving location | Barcode | Current Location | Full call number |
|---|---|---|---|---|---|---|---|---|---|---|---|---|---|---|---|---|
| 2016-11-20 | 2016-11-20 | Dhaka University Library | 1969-06-25 | Books | 2 | Purchased | Non Fiction | General Stacks | A59658 | Dhaka University Library | 170 MAI | |||||
| 2016-11-20 | 2016-11-20 | Dhaka University Library | 1969-06-25 | Books | 1 | Purchased | Non Fiction | General Stacks | A108223 | Dhaka University Library | 170 MAI | |||||
| 2016-11-20 | 2016-11-20 | Dhaka University Library | 1969-06-25 | Books | 3 | Purchased | Non Fiction | General Stacks | A59659 | Dhaka University Library | 170 MAI |
